Alle Pokémon mit "P" - Statistiken

Allgemein
  • Dieses Quiz wurde 267 mal gespielt
  • Das Durchschnittsergebnis liegt bei 40 aus 77
Antwortstatistiken
Typ Pokémon % Korrekt
Elektro ⚡ Pikachu
94%
Fee 🧚🏼‍♂️ Piepi
85%
Fee 🧚🏼‍♂️ Pixi
83%
Normal / Fee Pummeluff
83%
Elektro ⚡ Pichu
81%
Fee 🧚🏼‍♂️ Pii
81%
Feuer / Kampf Panferno
77%
Feuer / Kampf Panpyro
77%
Boden 🏜 Phanpy
77%
Feuer 🔥 Panflam
75%
Psycho / Fee Pantimos
75%
Kampf 👊 Pam -Pam
73%
Kampf / Unlicht Pandagro
69%
Psycho / Fee Pantimimi
69%
Eis / Psycho Pantifrost
65%
Käfer / Flug Papinella
65%
Wasser 💧 Plinfa
65%
Normal ✳ Porygon
65%
Normal ✳ Porygon 2
65%
Wasser 💧 Pliprin
63%
Drache / Geist Phandra
60%
Normal ✳ Porygon -Z
60%
Käfer / Pflanze Paras
58%
Käfer / Pflanze Parasek
58%
Normal / Flug Porenta
58%
Käfer / Gift Pudox
58%
Käfer 🐛 Puponcho
58%
Käfer 🐛 Purmel
58%
Elektro ⚡ Pachirisu
56%
Wasser / Drache Palkia
56%
Geist / Pflanze Paragoni
56%
Psycho 🧠 Psiana
56%
Normal ✳ Pandir
54%
Psycho 🧠 Psiau
54%
Boden / Psycho Puppance
54%
Feuer / Normal Pyroleo
54%
Käfer 🐛 Panekon
52%
Stahl / Flug Panzaeron
52%
Normal / Flug Plaudagei
52%
Psycho 🧠 Psiaugon
52%
Elektro ⚡ Pamo
50%
Elektro / Kampf Pamomamo
50%
Käfer 🐛 Pinsir
50%
Pflanze / Flug Papungha
48%
Wasser / Flug Pelipper
48%
Feuer 🔥 Ponita
48%
Elektro / Kampf Pamamo
46%
Wasser / Drache Pescragon
46%
Elektro ⚡ Plusle
46%
Unlicht / Fee Pelzebub
44%
Käfer / Gestein Pottrott
44%
Normal / Flug Peppeck
40%
Eis ❄ Petznief
40%
Psycho 🧠 Pygraulon
40%
Boden 🏜 Pampuli
38%
Fee 🧚🏼‍♂️ Parfi
38%
Fee 🧚🏼‍♂️ Parfinesse
38%
Gift / Unlicht Piondragi
38%
Gift / Käfer Pionskora
38%
Geist / Pflanze Pumpdjinn
38%
Boden 🏜 Pampross
35%
Geist 👻 Phantoross
35%
Wasser / Flug Piccolente
35%
Eis ❄ Polaross
35%
Psycho 🧠 Palimpalim
33%
Wasser 💧 Perlu
33%
Wasser 💧 Phione
33%
Gestein / Boden Pupitar
33%
Psycho 🧠 Psiopatra
31%
Normal ✳ Picochilla
29%
Wasser / Fee Primarene
29%
Wasser / Eis Pescryodon
27%
Fee 🧚🏼‍♂️ Pokusan
27%
Kampf 👊 Praktibalk
27%
Wasser 💧 Pikuda
23%
Wasser 💧 Phlegleon
19%
Stahl 🚃 Patinaraja
17%
Keine übereinstimmenden Quizze gefunden
Verteilung der Resultate
Anzahl Personen mit jedem Resultat
Perzentil nach korrekt beantworteten Fragen
Ihre Resultats-Entwicklung
Sie haben dieses Quiz noch nicht gespielt